História košického basketbalu

Bibliographic Details
Main Author: L.M (Author)
Format: Article
Language:Slovak
Subjects:

MARC

LEADER 00000nab a2200000 a 4500
001 vtls000913593
003 SK-MaSNL
005 20260302173825.0
008 040720e19910719xo 0 slo
035 |a KE22492 
040 |a KEVKJB  |b slo  |c KEVKJB  |e AACR2 
041 0 |a slo 
044 |a xo  |c SK 
080 |a 796.323  |2 1981 
100 0 |a L.M.  |4 aut  |9 847463 
245 1 0 |a História košického basketbalu 
518 |a 1932-1945 
650 0 7 |a basketbal  |2 KEVKJB  |9 3290 
650 0 7 |a dejiny  |2 KEVKJB  |9 3825 
650 0 7 |a články odborné  |2 KEVKJB  |9 882388 
651 7 |a Košice (Slovensko)  |2 KEVKJB  |9 18694 
651 7 |a KE,  |2 KEVKJB  |9 877256 
655 7 |a periodikum  |2 snkbucl  |9 29553 
773 0 8 |t Večer  |g Roč. 2, č.139, 19.7.1991, s. 8 
852 |a ZVYKNI  |b KIS3GCP 
999 |c 1402425  |d 1404355